000 00592nam a22001817a 4500
003 BUBTL
008 190707b xxu||||| |||| 00| 0 eng d
020 _a978-984-90039-6-0
082 _a954.92 / MUM
100 _92368
_aমুসা, এ বি এম
245 _aমুজিব ভাই /
_cএ বি এম মুসা
260 _aঢাকা :
_bপ্রথমা প্রকাশন,
_cc2012
300 _a103 p. :
_c22 cm.
650 0 _93574
_aবঙ্গবন্ধু
856 _k0
_l0
_yDownload
942 _2ddc
_cBK
999 _c6093
_d6093